000 00438nab a2200145Ia 4500
003 ES-SlBCS
005 20210601124315.0
008 140529s1986 xxu||||| |||| 00| 0 eng d
041 _aeng
100 1 _aEddy, Philip
_9139507
245 0 0 _aSiegel, Kohlberg, and the Concept of Moral Adequacy
_c Philip Eddy
600 1 4 _aSiegel, Harvey
_9139280
773 0 _tEducational Theory
_gvol. 36, nº. 1, 1986, págs. 67-76
_wRev1399
942 _cAR
999 _c512684
_d512684